Представление документа в формате MARC21

Поле Инд. ПП Название Значение
Тип записи a
Библиографический уровень b
001 Контрольный номер RU/IS/BASE/196440499
005 Дата корректировки 20201216102621.3
008 Кодируемые данные 20060323
084 a Индекс другой классификации/Индекс ББК 88.91; 88.92; 88.576
100 1_ a Автор Черникова Т. В.
q Полное имя Черникова Тамара Васильевна
245 10 a Заглавие Проективная автобиография и ее возможности в исследовании ситуаций жизненного выбора в молодой семье
650 04 a Основная рубрика практическая психология (прикладная психология)
a Основная рубрика психология
a Основная рубрика психодиагностика
a Основная рубрика психологическое консультирование
a Основная рубрика психология семьи
a Основная рубрика социальная психология
653 0_ a Ключевые слова автобиографический метод
a Ключевые слова жизненный выбор
a Ключевые слова межличностные отношения
a Ключевые слова проективная автобиография
a Ключевые слова психодиагностические методы
a Ключевые слова психологические методы
a Ключевые слова психологический тренинг
a Ключевые слова семейное консультирование
a Ключевые слова семья
a Ключевые слова социальный выбор
700 12 a Автор Камышанова И. В.
q Полное имя Камышанова Инга Владимировна
773 18 t Заглавие источника Вестник психосоциальной и коррекционно-реабилитационной работы
d Дата издания источника 2002
g Прочая информация № 2. - С. 58 - 66
w Контрольный № источника RU/IS/BASE/111247412
901 t Тип документа b